000 00897nam a22002057a 4500
003 BD-RjUL
005 20250708143209.0
008 250708s1950 |||||||| |||| 00| 0 urd d
035 _a(BD-RjUL)
040 _aBD-RjUL
_beng
_cBD-RjUL
041 _aurd
082 _223
100 _aMuḥammad, Sayyid ;; محمّد، سيّد
_915927
245 1 0 _aارباب نثر اردو : يعنى فورٹ وليم کالج کے اردو نثر نويسوں کا تحقيقى و تنقيدى تذکره / Arbāb-i nas̲r-i Urdū : yaʻnī Forṭ Viliyam Kālij ke Urdū nas̲r navīson̲ kā taḥqīqī va tanqīdī taz̲kirah /
_cا سيّد محمّد. Sayyid Muḥammad,
250 _a3rd.ed.
260 _aLahore:
_bمکتبہ معین الادب ;;maktabah maeen aladb ,
_c1950
300 _a292 +13 p.;
_c19cm
650 _aUrdu prose literature
_vHistory & Criticism
_915928
942 _2ddc
_cBK
999 _c85144
_d85144